Choose the regions of the countries - Statistics

General Stats
  • This quiz has been taken 107 times
  • The average score is 77 of 96
Answer Stats
Question Tile Select % Correct
Select the States in the USA Bavaria No
100%
Select the States in the USA Guerrero No
100%
Select the States in the USA Oklahoma Yes
100%
Select the States in the USA Zeeland No
100%
Select the States in the USA Alaska Yes
99%
Select the States in the USA British Columbia No
99%
Select the States in the USA Cumbria No
99%
Select the States in the USA Lapland No
99%
Select the States in the USA Mato Grosso No
99%
Select the States in the USA Rutland No
99%
Select the Provinces and Territories in Canada Herefordshire No
97%
Select the Provinces and Territories in Canada New Hampshire No
97%
Select the States in the USA North Dakota Yes
97%
Select the States in the USA Western Cape No
97%
Select the Provinces and Territories in Canada Alaska No
96%
Select the Provinces and Territories in Canada Normandy No
96%
Select the States in the USA Georgia Yes
95%
Select the States in the USA Iowa Yes
95%
Select the Provinces and Territories in Canada New South Wales No
95%
Select the States in the USA Oregon Yes
95%
Select the States in the USA Wyoming Yes
94%
Select the Provinces and Territories in Canada Vermont No
92%
Select the Provinces and Territories in Canada Alberta Yes
91%
Select the Counties in the UK Maine No
91%
Select the Counties in the UK New York No
91%
Select the States and Territories in Australia South Dakota No
91%
Select the States and Territories in Australia Yorkshire No
91%
Select the States and Territories in Australia Georgia No
90%
Select the States and Territories in Australia Maine No
90%
Select the States and Territories in Australia Manitoba No
90%
Select the Provinces and Territories in Canada Ontario Yes
90%
Select the Counties in the UK Tasmania No
90%
Select the Counties in the UK Zug No
90%
Select the States of Brazil Baja California No
89%
Select the States of Germany North Holland No
89%
Select the States of Germany Zeeland No
89%
Select the Provinces and Territories in Canada British Columbia Yes
87%
Select the States and Territories in Australia New Ireland No
87%
Select the States and Territories in Australia North Holland No
87%
Select the States of Brazil Tabasco No
87%
Select the States of Brazil Yucatan No
87%
Select the Counties in the UK New Brunswick No
86%
Select the Counties in the UK Normandy No
86%
Select the States of Germany Aargau No
85%
Select the States of Germany Wiltz No
85%
Select the Counties in the UK Bedfordshire Yes
84%
Select the Counties in the UK New Hampshire No
84%
Select the Counties in the UK Victoria No
84%
Select the Counties in the UK Kent Yes
82%
Select the States of Germany Nidwalden No
82%
Select the States of Germany Schwyz No
82%
Select the States of Brazil Sinaloa No
82%
Select the States and Territories in Australia Tasmania Yes
82%
Select the States of Germany Hamburg Yes
81%
Select the States and Territories in Australia Queensland Yes
81%
Select the States of Brazil Santa Fe No
81%
Select the States of Brazil São Paulo Yes
81%
Select the Provinces and Territories in Canada Victoria No
81%
Select the Counties in the UK Yorkshire Yes
81%
Select the States of Germany Innsbruck No
80%
Select the States and Territories in Australia New South Wales Yes
80%
Select the States and Territories in Australia Northland No
80%
Select the Counties in the UK Devon Yes
78%
Select the States and Territories in Australia Eastern Cape No
78%
Select the States and Territories in Australia northwest territories No
78%
Select the States of Germany Obwalden No
78%
Select the Provinces and Territories in Canada Yukon Yes
77%
Select the Provinces and Territories in Canada Nova Scotia Yes
76%
Select the States and Territories in Australia Victoria Yes
76%
Select the States and Territories in Australia Western Cape No
76%
Select the States of Brazil Amazonas Yes
73%
Select the States of Brazil Chiapas No
73%
Select the Provinces and Territories in Canada Saskatchewan Yes
73%
Select the States of Germany Bavaria Yes
72%
Select the Provinces and Territories in Canada Manitoba Yes
72%
Select the Provinces and Territories in Canada New Brunswick Yes
72%
Select the States of Brazil Puebla No
72%
Select the States of Brazil Colima No
71%
Select the Provinces and Territories in Canada Nunavut Yes
70%
Select the States of Germany Strasbourg No
70%
Select the States of Germany Bremen Yes
68%
Select the States of Germany Saxony Yes
67%
Select the States of Brazil La Pampa No
66%
Select the States of Brazil Rio Grande do Sol Yes
65%
Select the States and Territories in Australia Northern Territories Yes
61%
Select the States of Germany Rhineland Yes
61%
Select the States of Germany Hesse Yes
56%
Select the Counties in the UK Cardiganshire Yes
53%
Select the States of Germany Saarland Yes
53%
Select the States of Brazil Bahia Yes
49%
Select the States of Brazil Mato Grosso Yes
49%
Select the Counties in the UK Fife Yes
43%
Select the Counties in the UK Angus Yes
38%
Select the Counties in the UK Moray Yes
35%
Select the States of Brazil Acre Yes
28%
Select the States of Brazil Piau Yes
27%
No matching quizzes found
Score Distribution
Percent of People with Each Score
Percentile by Number Answered
Your Score History
You have not taken this quiz